000 00314nam a2200133Ia 4500
008 231129s1963||||xx |||||||||||||| ||spa||
040 _bspa
082 _a895.65 T165h
100 _aTanizaki Junichiro
245 0 _aHay quien prefiere las ortigas
260 _c1963
264 _aSeix Barral
942 _2ddc
_cBKS
999 _c14933
_d14933